| 000 | 00530nam a22001817a 4500 | ||
|---|---|---|---|
| 005 | 20251108174823.0 | ||
| 008 | 250721s2009 xx 000 0 ara d | ||
| 082 | 1 | 4 | _a811.9564/سلا |
| 100 | 1 | _aسلامة، علي يعقوب | |
| 245 | 1 | 0 | _aنداء من المسجد الأقصى : شعر / |
| 264 | 1 |
_aعمان : _bدار يافا العلمية، _c2009. |
|
| 300 | _a78ص. | ||
| 650 | 1 | 7 | _aالشعر العربي |
| 650 | 1 | 7 | _aالعصر الحديث |
| 650 | 1 | 7 | _aالقدس |
| 942 |
_2ddc _cBK |
||
| 999 |
_c118941 _d118941 |
||